| 000 | 00705nam a2200217 a 4500 | ||
|---|---|---|---|
| 001 | BRCA_8030 | ||
| 005 | 20190320210113.0 | ||
| 008 | 240314s1903----gw-a###f##---#001-0#ger-# | ||
| 041 | _ager | ||
| 044 | _agw | ||
| 050 | 4 |
_aN2308 _b.M45 1903 |
|
| 245 | 1 | 0 | _aDie Meisterwerke der Königl. Gemälde- Galerie in Haag un der galerie der stadt Haarlem. |
| 260 |
_aMúnich _bFranz Hanfstaengl _c[1903] |
||
| 300 |
_axix, 127 p. _bil., 25 láminas _c26 cm. |
||
| 440 | 0 |
_aMeisterwerke der bedeutendsten Galerien Europas _vBand V _919954 |
|
| 500 | _aY4 | ||
| 650 | 1 | 4 |
_aPintura _vCatálogos _zAlemania _919955 |
| 650 | 1 | 4 |
_aPintura _xColecciones y coleccionistas _zAlemania _919956 |
| 902 | _aGFM | ||
| 942 |
_2lcc _cB |
||
| 999 |
_c7699 _d7699 |
||